LEADER 01035nam2-22003251i-450- 001 990000183530403321 010 $a92-828-0879-3 035 $a000018353 035 $aFED01000018353 035 $a(Aleph)000018353FED01 035 $a000018353 100 $a20011111d--------km-y0itay50------ba 101 0 $aita 105 $ay-------001yy 200 1 $a2. : Endagered ecosystems, Threats to theenvironment, Health, Non-nuclear energy(Demo, part), Advanced communications,telematics and materials technologies...etc. : 409 p. 210 $aLuxembourg$cJ. L. Blanc - F. Rota Bulo$d1997 215 $av.$d21 cm 225 1 $aScience research development 461 0$1001000015208$12001$aCopernicus 1996 610 0 $aCopernicus (Programma di ricerca) 610 0 $aRicerca scientifica$aEuropa 676 $a600 710 02$aCommissione europea 801 0$aIT$bUNINA$gRICA$2UNIMARC 901 $aBK 912 $a990000183530403321 952 $a13 K 23 02$b11119$fFINBC 959 $aFINBC 997 $aUNINA DB $aING01 LEADER 01116nas 2200373- 450 001 9910845059303321 005 20240719213016.0 011 $a2713-2846 035 $a(OCoLC)1402561533 035 $a(CKB)5840000000222504 035 $a(CONSER)--2024225157 035 $a(DE-599)ZDB3183998-8 035 $a(EXLCZ)995840000000222504 100 $a20231012a19979999 --- - 101 0 $arus 135 $aur||||||||||| 181 $ctxt$2rdacontent 182 $cc$2rdamedia 183 $acr$2rdacarrier 200 00$aKlinicheskaii?a Stomatologii?a =$eClinical Dentistry (Russia) 210 1$a[Moskva] :$cStomatologicheskai?a Assot?siat?sii?a Rossii,$d1997- 215 $a1 online resource 300 $aRefereed/Peer-reviewed 311 08$a1811-153X 517 3 $aKS 517 3 $aClinical Dentistry (Russia) 531 0 $aKlin. stomatol. 606 $aDentistry$vPeriodicals 615 0$aDentistry 712 02$aStomatologicheskai?a Assot?siat?sii?a Rossii, 906 $aJOURNAL 912 $a9910845059303321 996 $aKlinicheskaii?a Stomatologii?a$94183712 997 $aUNINA